Remote sensing image analysis : including the spatial domain

Αποθηκεύτηκε σε:
Λεπτομέρειες βιβλιογραφικής εγγραφής
Άλλοι συγγραφείς: Jong, Steven M. de 1962- (Επιμελητής έκδοσης), Meer, Freek van der (Επιμελητής έκδοσης)
Μορφή: Βιβλίο
Γλώσσα:English
Δημοσίευση: Dordrecht : Kluwer Academic, 2004
Σειρά:Remote sensing and digital image processing ; ; 5
Θέματα:
Ετικέτες: Προσθήκη ετικέτας
Δεν υπάρχουν, Καταχωρήστε ετικέτα πρώτοι!

MARC

LEADER 00000nam a2200000 i 4500
001 1/103365
008 090327s2004 eng d
020 |a 1-4020-2559-9 
035 |l 10104016 
040 |a GR-MY-UA  |b gre  |e aacr 
041 0 |a eng 
082 0 |a 621.3678  |2 (22) 
245 1 0 |a Remote sensing image analysis :  |b including the spatial domain /  |c edited by Steven M. de Jong and Freek D. van der Meer 
260 |a Dordrecht :   |b Kluwer Academic,   |c 2004 
300 |a xv, 359 σ.;  |b εικ., πίν.;  |c 25 εκ.+  |e 1 οπτική δισκέτα λέϊζερ Η/Υ (4 3/4 ίν.) 
490 1 |a Remote sensing and digital image processing  |v ; 5 
504 |a Περιέχει βιβλιογραφικές παραπομπές και ευρετήριο 
650 0 0 |a Remote-sensing images. 
650 0 0 |a Image processing  |x Digital techniques. 
700 1 |a Jong, Steven M. de  |d 1962-  |4 edt 
700 1 |a Meer, Freek van der.  |4 edt 
830 0 |a Remote sensing and digital image processing ;  |v ; 5 
852 |a INST  |b LESVOS  |e 20090327  |h 621.3678 REM  |p 005100044667  |q 005100044667  |t BK  |y 0 
852 |a INST  |b LESVOS  |e 20090327  |h 621.3678 REM   |p 005100044668  |q 005100044668  |t BK  |y 0 
901 |a BIBL1-2009-1 
909 |a Λ  |b 156283 
909 |a Λ  |b 137600 
922 |a 1ΕΛΗ  |b 200811  |c ΕΠΕΑΕΚ2/ΤΓ  |d ΜΙΧΑΛΟΠΟΥΛΟΣ 
970 |a ΚΑΡΑ  |b ΓΙΑΣΕΜΗ  |z 2009/03/27